| 000 | 00495nam a2200169 a 4500 | ||
|---|---|---|---|
| 001 | 1902 | ||
| 005 | 20140414131909.0 | ||
| 008 | 020516s19uu xx 00 eng d | ||
| 020 | _a0-307-01119-4 | ||
| 050 |
_aER _bB54 1984 |
||
| 100 | _aIngoglia, Gina | ||
| 245 |
_aBiskitas in double trouble / _cby Gina Ingoglia ; illustrated by John Costanza. |
||
| 260 |
_aNew York : _bA Golden Book, _c1984. |
||
| 300 | _a[24] p. : ill. ; cm. | ||
| 650 |
_aChildren stories _xFiction. |
||
| 999 |
_c111109 _d111109 |
||